000 00416 a2200181 4500
001 143212
040 _cLeonardo Da Vinci
041 _aPortuguês
_aPortuguês
082 _aAP540 L564q
_bL564q
100 _aLEMBO, Antônio
245 _aQuímica
_bmanual do professor
250 _aMP
260 _bAnglo
_c20- -
_aSão Paulo
362 _a20- -0000
490 _vV.2
697 _aQuímica
_aMP
942 _cBK
999 _c143212
_d143212